| 000 | 00585nam a2200193Ia 4500 | ||
|---|---|---|---|
| 999 |
_c3715 _d3715 |
||
| 003 | GBCCL | ||
| 005 | 20241126110501.0 | ||
| 008 | 171205b xxu||||| |||| 00| 0 eng d | ||
| 040 | _cgbc | ||
| 082 |
_a223.207 _bWIL |
||
| 100 |
_aWilliams, Theodore _97350 |
||
| 245 |
_aGod Alive: _bStudies in Psalms / _cTheodore Williams |
||
| 250 | _a3rd Ed. | ||
| 260 |
_bIndian Evangelical Mission, _aBangalore: _c1989 |
||
| 300 |
_a190p.; _c18 cm. |
||
| 505 | _av.1 Psalms 1-5- ; v.2 Psalms 51-100 ; v.3 Psalms 101-150 | ||
| 650 |
_aBible _vOld Testament _vPsalms _xStudy _98153 |
||
| 942 |
_2ddc _cBK _04 |
||